Sports Quiz

Random Sports or College Quiz

Alma Mater of 2016 Starting NFL QB's Quiz Stats

 Plays Quiz not verified by Sporcle

Challenge
Share
Tweet
Embed
Score 0/32 Timer 08:00
0 Plays Today
Quarterback College % Correct
Aaron RodgersCalifornia
97.3%
Jared GoffCalifornia
97.3%
Tom BradyMichigan
97.3%
Marcus MariotaOregon
97.3%
Jameis WinstonFlorida State
96.4%
Andrew LuckStanford
96.4%
Eli ManningOle Miss
95.5%
Cam NewtonAuburn
95.5%
Robert Griffin IIIBaylor
94.6%
Sam BradfordOklahoma
94.1%
Drew BreesPurdue
94.1%
Carson PalmerUSC
94.1%
Russell WilsonWisconsin
93.7%
Kirk CousinsMichigan St
91.9%
Matthew StaffordGeorgia
91.9%
Colin KaepernickNevada
91.4%
Quarterback College % Correct
Ben RoethlisbergerMiami(OH)
91.4%
Matt RyanBoston College
90.1%
Andy DaltonTCU
90.1%
Ryan FitzpatrickHarvard
89.6%
Joe FlaccoDelaware
89.2%
Dak PrescottMississippi State
86.9%
Ryan TannehillTexas A&M
86.9%
Alex SmithUtah
86.5%
Jay CutlerVanderbilt
85.6%
Derek CarrFresno St
85.6%
Carson WentzNorth Dakota State
85.1%
Philip RiversNC State
85.1%
Blake BortlesUCF
82%
Tyrod TaylorVirginia Tech
77.5%
Brock OsweilerArizona State
71.2%
Trevor SiemienNorthwestern
71.2%

You're not logged in!

Compare scores with friends on all Sporcle quizzes.
Join for Free
OR
Log In

You Might Also Like...

Show Comments

Extras

Top Quizzes Today


Score Distribution

Your Account Isn't Verified!

In order to create a playlist on Sporcle, you need to verify the email address you used during registration. Go to your Sporcle Settings to finish the process.

Report this User

Report this user for behavior that violates our Community Guidelines.

Details: